Transport GZM - przystanki końcowe i początkowe - Statystyki

Ogólne statystyki
  • Ten quiz został rozwiązany 12 razy
    11 od ostatniego zresetowania
  • Średni wynik to 115 z 474
Statystyki odpowiedzi
nr linii Nazwa Przystanku % Poprawnych
T6,T16,T36,T46,29,45,688,938,Z-13,Z-37 Brynów Centrum Przesiadkowe
71%
M16*,M17,M21,M102, 15,17,19,20,24,39,42, 52,85,91,92*,99,104, 114,118,127,132,135, 146,148,169,176,183, 185,201,227,608,623, 700,708,735,830,632N Bytom Dworzec
71%
M103,16,25,55,79,242,603,637,640,641,928 Dąbrowa Górnicza Dworzec PKP
71%
1,4,30*,154*,673*,920 Katowice Aleja Korfantego
71%
M1*,M2*,M3*,M4*,M13*,M28*,0,46,50,61,76*, 115,149*,193*,674*,910*, 911,930*,950,1N,7N, 30N,76N,130N,297N, 672N,840N,905N,911N Katowice Dworzec
71%
M28,T0,T15,5,7,11*,23,43,110*,133,167,177*, 657* Katowice Plac Wolności
71%
M10,M11,M12,M13,M22,M25,M101,9,10,12,27, 110*,297,601,911*,930, 657N,Z210 Katowice Sądowa
71%
12,36,154,292,Z-51 Ligota Akademiki
71%
M2,T21,T22,T28,18,27,55*,237,604,609,624, 639,644*,654*,690*,807, 808,814* Tworzeń Huta Katowice
71%
T2,T5,T9,T30,T38 Bytom Plac Sikorskiego
57%
T7*,T9,T13,T20*,T40 Chorzów Batory Zajezdnia
57%
T11,6*,139,165,190* Chorzów Rynek
57%
72*,108,223* Giszowiec Kolista Pętla
57%
M1,M14,M16,M18,M100,M104*,M105*,M106,6,8, 32*,41,57*,58,59*,71,80, 112,126*,187,194,197*, 202,250,259*,280*,287, 288,617,650,669,676*, 678*,687,692*,694,699*, 702,840,932,840N Gliwice Centrum Przesiadkowe
57%
T1,T2,T3*,T4,T5*,T9*,T10*,T20*,T40*,A4,6*, 156*,259*,280*,617*, 692*,840*,A4N,617N, 701N,840N Gliwice Zajezdnia
57%
120,130,689,880,900* Katowice Andrzeja Dworzec
57%
M2,M3,M4,M23,40,800,805,807,808,813,814, 817,830,835 Katowice Piotra Skargi
57%
T41 Katowice Plac Miarki
57%
T24 Konstantynów Okrzei
57%
T41,T46 Koszutka Słoneczna Pętla
57%
13,913,Z-51 Ligota Dworzec PKP
57%
37,41,45*,69,75,157,245,294,505,520,529,568, 594,620,655,695,982,K, P,905N Mikołów Dworzec
57%
T21,T26 Milowice Pętla
57%
M109,49,604,612*,624,629,638,644,656 Mydlice Pętla
57%
T24,55*,91*,188*,690,813* Sosnowiec Dworzec PKP
57%
A,B,C,D,H,21*,31,137*,262,272,515,536,551,
696*,Sz1
Tychy Dworzec PKP
57%
F,G,H,1,157,274,514 Tychy Szpital Wojewódzki
57%
M15,M108,A,C,D,H*,21*,36,75*,101,128,137*, 254*,256,273,515*,551, 696 Tychy Towarowa
57%
T7,T23,18,44,66,70*,74,76,149,162,600,920,930, 931,Z-45 Zawodzie Centrum Przesiadkowe
57%
T0*,T6*,T7*,T11,T13*,T16*,T19*,T20,T23,T36*, T41*,T46* Zawodzie Zajezdnia
57%
16,24,28,40,42,61,67,79,97,99,104,107, 124,125,200,260,612*, 625,721,722,800,901, 921,904N Będzin Kościuszki
43%
56*,181, Bieruń Plac Autobusowy
43%
72*,74*,108* Burowiec
43%
T7,730,740 Bytom Szkoła Medyczna
43%
T1,T10,T20 Chebzie Pętla
43%
22,201,663,974 Chorzów Batory Pętla
43%
T10,T19,22*,92,192 Chorzów Muzeum Hutnictwa
43%
664 Chorzów Nowa
43%
190 Chorzów Oswaldów
43%
T-9 Chorzów Stadion Śląski
43%
T0,T6,T23 Chorzów Stadion Śląski Pętla Zachodnia
43%
48,663,922 Chorzów Stary Szyb Prezydent
43%
11,35,723*,911,935,911N* Czeladź Wojkowicka Pętla
43%
116 Dąbrowa Górnicza Urząd Pracy
43%
108,662 Dąb Silesia City Center
43%
232, Gliwice Plac Piastów
43%
A4,186* Gliwice Teatr
43%
M2*,18*,638*,690,807*,903N,904N* Gołonóg Zajezdnia
43%
M1,M24,6,673*,840,910* Katowice Mickiewicza
43%
297 Katowice Mickiewicza Biurowce
43%
219,253 Ławki Pętla
43%
273 Mąkołowiec Pętla
43%
30,72,91* Michałkowice Bytomska
43%
98,974 Michałkowice Plac 11 Listopada
43%
T26,T34,292* Mysłowice Dworzec PKP
43%
70,115*,165 Obroki Elkop
43%
110,910 Osiedle Paderewskiego Trzy Stawy
43%
51,138,673,674 Osiedle Tysiąclecia Pętla
43%
M16,M28,M116,73,105,114,164,167,185,264, 283 Osiedle Wieczorka Dworzec
43%
96,196,664,30N Przełajka Pętla
43%
181 Pszczyna Centrum Przesiadkowe
43%
AP,M11,M14,M16,M19,M116,85 Pyrzowice Port Lotniczy (Katowice Airport)
43%
638*,645 Reden Aleja Majakowskiego
43%
222 Siemianowice Budowlana Końcowy
43%
T13,22*,190,196* Siemianowice Plac Skargi
43%
M17,M19,34,88,91,100,116,160,160S,Z-1 Sosnowiec Urząd Miasta
43%
3,135,142*,614*,749,780 Stare Tarnowice GCR
43%
T2*,T5*,T7*,T9*,T11*,T19,T30*,T38*,T40* Stroszek Zajezdnia
43%
5*,17*,173*,192*,646,738*,780* Świerklaniec Park
43%
780 Szarlej Kaufland
43%
220 Szczakowa Dworzec PKP
43%
M3,M14*,M102,M107,3*,5,19,64,78,80,83,87,112, 134,143,145,151,158, 173,174*,179,180,189, 191,192,246,289,615*, 670,671,735,736*,738, 780* Tarnowskie Góry Dworzec
43%
65,271 Tychy Rynek
43%
B,E,4,21,75,696*,Sz4,1N Tychy Sikorskiego Wiadukt
43%
A,B,C,D,21*,36,75*,256,696* Tychy Zajezdnia
43%
531 Urbanowice Sklep
43%
2,131*,254 Wartogłowiec Pętla
43%
193,950 Wełnowiec GPP Business Park
43%
T16 Wełnowiec Plac Alfreda
43%
M21,120*,P Wygoda Skrzyżowanie
43%
M24,7,15,23,32,47,81,83,86,89,111*,156,198, 199,234,250,270,280*, 286,617*,647,706,709, 720,770,932,7N,32N, 701N*,705N Zabrze Goethego
43%
69 Żory Centrum Przesiadkowe
43%
222 Bańgow Strefa Zakłady
29%
243 Będzin Dworzec
29%
25* Będzin Sienkiewicza
29%
87*,145 Bibiela Pętla
29%
89 Bielszowice Pętla
29%
95,274 Bieruń KWK Piast
29%
M108,Z-54 Bieruń Nowy Dworzec
29%
31,931*,995* Bieruń Plac Nobla
29%
931,995 Bieruń Potok Stawowy
29%
T5*,T30 Biskupice Pętla
29%
280*,705N Biskupice Zamkowa
29%
606*,612 Błędów Zagórze
29%
39* Bobrek Huta Julia
29%
M13,160S Bobrek Inwestycyjna Pętla II
29%
20*,132*,191 Boniowice Szkoła
29%
699,924* Brzezinka Nobla
29%
M106*,57*,692 Brzezinka Park Logistyczny
29%
197,692* Brzezinka Przemyska
29%
57,93 Brzezinka Wałbrzyska
29%
922 Brzeziny Śląskie Skrzyżowanie
29%
949 Burki Pętla
29%
13,139,669,880 Bykowina Grzegorzka
29%
192* Bytom Pogoda
29%
T38 Bytom Powstańców Śląskich
29%
118,147* Chebzie Dworzec PKP
29%
74,998 Chorzów Batory Park Logistyczny
29%
632,998 Chorzów Gwarecka
29%
M25,T22,967 Czeladź Dworzec
29%
723 Czeladź Rynek
29%
101,Sz4 Czułów Droga do Kostuchny
29%
101,514,Sz4 Czułów Fabryka
29%
565 Czułów Narcyzów
29%
182,612* Dąbrowa Górnicza Centrum
29%
T28* Dąbrowa Górnicza Huta Bankowa
29%
654 Dąbrowa Górnicza Wodociągi
29%
177 Dąbrówka Mała Grzegorzka
29%
657 Dąbrówka Mała Nowosam
29%
949* Dębowa Góra
29%
M103,85*,105*,904N Dobieszowice Skrzyżowanie
29%
5*,148,164,264 Dołki Kaplica
29%
209 Dzierżno Nad Kanałem Pętla
29%
707* Dzierżno Pętla
29%
136,636*,936 Gierałtowice Kościół
29%
30,72,223 Giszowiec Kopalnia Staszic
29%
224 Gliwice Centrum Onkologii
29%
232,678 Gliwice Europa Centralna
29%
224 Gliwice Królewskiej Tamy Rondo
29%
280* Gliwice Zakład Opla
29%
230,255* Godula Plac Niepodległości
29%
604*,656*,716 Gołonóg Dworzec PKP
29%
27* Gołonóg Kosmonautów
29%
T21*,T22*,T23* Gołonóg S1 Wiadukt Pętla
29%
169,176 Górniki Pętla
29%
M12 Gostyń Drzymały
29%
98,120*,121,130,146,147,155,177,198,230, 255,669*,130N Halemba Pętla
29%
57*,81,92,111,617N Helenka ELZAB
29%
109,900 Janów Ośrodek Bolina
29%
11*,177*,657*,674* Katowice Sokolska
29%
622*,928 Kazimierz Górniczy Park
29%
T27 Kazimierz Górniczy Pętla
29%
8*,58*,236,610,636 Knurów Centrum Przesiadkowe Szpitalna
29%
610 Knurów Cmentarz Komunalny
29%
M10 Kobiór Centrum
29%
39,199 Kochłowice Kopalnia Śląsk
29%
129* Krupski Młyn Nitroerg
29%
129 Krupski Młyn Słoneczna
29%
606 Kuźnica Błędowska Pętla
29%
32,93,126,178,186,32N Łabędy Huta
29%
202 Łabędy Poczta
29%
201* Łagiewniki Targowisko
29%
294*,594* Łaziska Górne Kopanina
29%
45 Łaziska Średnie Dworzec PKP
29%
194*,694* Leszczyny Broniewskiego
29%
51 Ligota Kolejowa
29%
12* Ligota Śląska Pętla
29%
28,220*,622,835 Maczki Kościuszki
29%
111 Makoszowy Oświęcimska
29%
T3 Makoszowy Pętla
29%
614* Miasteczko Śląskie Huta
29%
222* Michałkowice Budryka
29%
110 Michałkowice Wyzwolenia
29%
57,167,183,623,623N Miechowice Pętla
29%
959 Miedawa Tartak
29%
M22 Międzyrzecze Gospoda
29%
179*,225* Mierzęcice Kosmiczna
29%
T3 Mikulczyce Pętla
29%
704 Mikulczyce Zwrotnicza
29%
673,689,695*,973 Murcki Szyb Stanisław
29%
105*,225 Najdziszów Pętla
29%
920* Nikiszowiec Lodowisko
29%
23* Nowy Bytom Centrum
29%
115 Obroki MPGK
29%
138* Ochojec Szpital
29%
636*,647 Ornontowice Centrum
29%
6*,121,147,982 Orzegów Waniora
29%
3 Osada Jana Pawilon
29%
678,692 Osiedle Kopernika Pętla
29%
280 Osiedle Młodego Górnika Kopalnia
29%
699 Osiedle Obrońców Pokoju
29%
259*,280*,692*,693*,699*,924 Osiedle Waryńskiego Pętla
29%
51* Osiedle Witosa Centrum
29%
193 Osiedle Witosa Kossutha NFZ
29%
T15*,T21*,T22*,T24*,T26*,T27,T28,T34*,T36* Osiedle Zamkowe Zajezdnia
29%
M4* Ostrowy Górnicze Pomnik
29%
686 Oświęcim Dąbrowskiego Miasto
29%
103*,246 Ożarowice Urząd Gminy
29%
657,913,657N Panewniki Owsiana
29%
647* Paniówki Skrzyżowanie
29%
11 Piotrowice Pętla
29%
973 Podlesie Oczyszczalnia
29%
235*,805*,813* Pogoń Akademiki
29%
204 Proboszczowice
29%
288 Przezchlebie Pętla
29%
925,967 Psary Centrum Przesiadkowe
29%
0,662,663 Pszczelnik Park
29%
M107,152*,153*,207*,209* Pyskowice Plac Wyszyńskiego
29%
M105,20,71,152,153,207,208,209 Pyskowice Szpitalna
29%
252,253,262,536* Rachowy Osiedle
29%
617 Rokitnica Budowlana
29%
83*,132*,158 Rokitnica Pętla
29%
155*,701N Ruda Południowa
29%
M106 Rudziniec UG - PKP
29%
614,615 Rybna Lotników
29%
105* Siedliska
29%
M11*,M14*,M116* Siedliska Cargo
29%
22,50,222* Siemianowice Powstańców Pętla
29%
M23,637,738,969 Siewierz Dom Kultury
29%
676 Sikornik Osiedle
29%
156,687 Sikornik Wilgi
29%
49*,949,959 Sławków Rynek
29%
M109,49 Sławków ZWM
29%
197,259,702 Sośnica Osiedle Żeromskiego
29%
M100,924 Sośnicowice Centrum Przesiadkowe
29%
M15,26,150*,188,235,299,612,616,805 Sosnowiec Szpital Wojewódzki
29%
174,746 Sowice Czarna Huta
29%
M104 Stanica Kościół
29%
259,280,693 Stare Łabędy Einsteina
29%
64 Stare Tarnowice Pętla
29%
712, Stare Tarnowice Sielanka
29%
173 Stroszek Kopalnia
29%
73,167* Stroszek Poczta
29%
34,645 Strzemieszyce Dworzec Północny
29%
629 Strzemieszyce Małe Koksownia Przyjaźń
29%
T-9 Świętochłowice Mijanka
29%
M105,47,120,194*,236*,694* Szczygłowice Centrum Przesiadkowe
29%
167 Szombierki Osiedle
29%
203*,204*,205,206*,207 Toszek
29%
126,178,186,676,678*,A4N Trynek Toruńska
29%
742,743 Tworóg Dworzec PKP
29%
137,515 Tychy Centrum Handlowe
29%
31* Tychy Fiat Auto-Hit
29%
128 Tychy Fiat Brama Towarowa
29%
788 Tychy Generała Grota-Roweckiego
29%
627,686 Tychy Jana Pawła II
29%
131 Tychy Marii Konopnickiej
29%
M10*,M18,E*,G*,137* Tychy Osiedle "Z1"
29%
514 Tychy Rybna
29%
Sz2,Sz3,Sz4 Urbanowice Pogodna Szkoła
29%
Sz3 Urbanowice Przejazd
29%
M101,44,76,106*,160,672,76N Wesoła Kopalnia
29%
152,180,206*,737,743,747,748 Wielowieś Centrum Przesiadkowe
29%
132 Wieszowa Pętla
29%
132*,134 Wieszowa Stacja Paliw
29%
43,52,99*,100,103,133,700,911N Wojkowice Park
29%
131 Wygorzele Sportowa
29%
531 Wygorzele Ułańska
29%
656 Ząbkowice Dworzec PKP
29%
T4,T5 Zaborze Pętla
29%
T15 Zagórze Rondo Jana Pawła II
29%
M4,26*,34*,35*,55*,88*,90,91*,100*,106,160*, 182,188,220*,260*,299, 690*,723,835*,935*, 902N,904N Zagórze Zajezdnia
29%
191* Zbrosławice Urząd Gminy
29%
59 Żernica Pętla
29%
702 Żerniki Graniczna Pętla
29%
M104,59,693 Żerniki Osiedle
29%
271 Żwaków Rogatki
29%
87,145* Żyglin Kościół
29%
813* Będzin Cmentarz Komunalny
14%
40*,61* Będzin Johnson Electric
14%
104* Będzin Muzeum
14%
65* Bieruń Domy Polne Pętla
14%
686* Bieruń Pętla
14%
174 Bobrowniki Śląskie
14%
109* Bogucice Cmentarz
14%
70 Borki Pętla
14%
Z-38 Brynów Wincentego Pola
14%
223*,788* Brzezinka Centrum
14%
106,162, Brzezinka Pętla
14%
292 Brzezinka Wysoki Brzeg Pętla
14%
72* Burowiec Szkoła
14%
39*,199* Bykowina Niedźwiedziniec
14%
155* Chebzie Rondo
14%
149* Chełm Śląski Kościół
14%
231 Chorzów Centrum Edukacji
14%
102 Chropaczów Wiślan
14%
647* Chudów Kościół
14%
21 Cielmice Pętla
14%
206 Ciochowice
14%
160*,935 Ćmok Pętla
14%
723*,902N* Czeladź Stare Miasto
14%
235 Czeladź Szpital
14%
707* Czerwionka Przepompownia
14%
225 Dąbie Szkoła
14%
695* Giszowiec Kościół
14%
66,266*,954* Golcówka ZPW
14%
M2*,18*,638*,690,807*,903N Gołonóg Aleja Piłsudskiego
14%
903N Gołonóg Manhattan
14%
656* Gołonóg Morcinka
14%
606,814 Gołonóg Osiedle
14%
808* Gołonóg Osiedle Kasprzaka
14%
609 Grabowa Pętla
14%
921 Grodziec Kijowska Pętla
14%
25* Grodziec Różyckiego
14%
56,95*,536* Hołdunów Pętla
14%
66*,266 Imielin Autostrada
14%
149* Imielin Centrum Przesiadkowe
14%
295 Imielin Szkoła Nr 1
14%
66*,995*,Z-54 Imielin Wiadukt
14%
292* Jaworzno Elektrownia Zespół Szkół
14%
26 Jęzor Centrum Handlowe
14%
116* Józefów Makro
14%
600 Katowice Ceglana Szpital Kliniczny
14%
154* Katowice Mariacka
14%
37,48,632,672 Katowice Skłodowskiej Dworzec
14%
8*,58*,120* Knurów Wojska Polskiego
14%
989 Kostuchna Szkoła
14%
35, Kosztowy Pętla
14%
109* Koszutka Katowicka
14%
129* Koty Szkolna
14%
223,954* Krasowy Przedszkole
14%
916 Ksawera Prosta Pętla
14%
153 Księży Las
14%
995* Larysz
14%
219* Ławki Kościół
14%
159,236 Leboszowice Las
14%
252 Lędziny Centrum Logistyczne
14%
995* Lędziny Droga do Górek
14%
604*,716* Łęknice Pogoria III
14%
194,694 Leszczyny Czereśniowa
14%
46 Ligota Zadole
14%
272 Mąkołowiec Łabędzia
14%
145*,614,615 Miasteczko Śląskie Osiedle
14%
91* Michałkowice Kościelna
14%
78,614*,615* Miedary Posesja 17
14%
615*,736 Miedary Tarnogórska
14%
105*,625 Mierzęcice Magazyny
14%
17,105,179 Mierzęcice PKP
14%
742 Mikołeska
14%
61* Milowice Hala Sportowa
14%
814* Milowice Osiedle Kalety
14%
154* Milowice Park Logistyczny
14%
110* Muchowiec Korty Pętla
14%
689*,972,672N Murcki Rynek
14%
788,995 Mysłowice Bytomska
14%
536 Mysłowice Centrum Handlowe
14%
219 Mysłowice Kąpielisko Hubertus
14%
T34 Mysłowice Obrzeżna Północna
14%
T-14 Mysłowice Towarowa
14%
243* Niepiekło Pętla
14%
150* Niwka Tuwima
14%
143,747 Nowa Wieś Pętla
14%
173* Nowe Chechło Sklep
14%
39* Nowy Bytom Urząd Miasta
14%
655* Ornontowice Żabik
14%
151 Orzech Kolejowa
14%
69*,505,636 Orzesze Szkoła
14%
150,902N Osiedle Bór Pętla
14%
55 Osiedle Naftowa Pętla
14%
138* Osiedle Odrodzenia Radockiego
14%
813* Osiedle Syberka Kościół
14%
90,817* Osiedle Syberka Ośrodek Zdrowia
14%
90* Osiedle Syberka Pawilony
14%
231 Osiedle Ustronie Chopina
14%
109,900 Osiedle Witosa Dom Kultury
14%
115* Osiedle Witosa Sławka
14%
616 Osiedle Zamkowe Krośnieńska
14%
817 Osiedle Zamkowe Piastowska
14%
179* Ossy Mickiewicza
14%
103* Ossy Straż Pożarna
14%
246* Ożarowice Kościuszki
14%
246* Ożarowice Punkt Widokowy
14%
208 Paczyna
14%
937* Panewniki Skrzyżowanie
14%
814* Piaski Centrum Handlowe
14%
102 Piaśniki Szkoła Nr 1
14%
208* Pniów Skrzyżowanie
14%
639* Podbuczyny Cmentarz
14%
989 Podlesie PKP
14%
Z-37 Podlesie Saska
14%
638 Podwarpie Pętla
14%
716 Pogoria III Plaża
14%
200* Pomłynie Spółdzielnia
14%
220*,260 Porąbka Osiedle Juliusz II
14%
208 Pyskowice Cmentarz Komunalny
14%
208* Pyskowice Schenker
14%
M102* Radzionków Kościół
14%
242,243,641 Ratanice
14%
289,749* Repty Śląskie Witosa
14%
150,622 Rudna Stawowa
14%
107,200,246*,283 Sączów Kościół
14%
107* Siemonia Kościuszki
14%
619 Siewierz Zamek
14%
154 Środula Chemiczna
14%
295 Stara Gać Pętla
14%
103*,717 Strąków Pętla
14%
142,189 Strzybnica Kościelna
14%
104*,107* Strzyżowice Parkowa
14%
650 Świętoszowice Skrzyżowanie
14%
192* Szarlej Szpital
14%
Z-45 Szopienice Dolina 5 Stawów
14%
72*,74*,695*,Z-25 Szopienice Kościół
14%
695 Szopienice Szpital Geriatryczny
14%
T-14,Z-25 Szopienice Wiadukt
14%
85*,103,646*,717 Tąpkowice Szkoła
14%
142* Tarnowskie Góry Park Wodny
14%
142,744,745,746,749 Tarnowskie Góry Plac Zembali
14%
203*,207* Toszek Dworzec Kolejowy
14%
903N Trzebiesławice Glinianki
14%
237,637*,640 Tucznawa Remiza
14%
604*,644 Tucznawa Strefa Ekonomiczna
14%
747* Tworóg Szkoła
14%
654 Tworzeń Huta Katowice Przychodnia
14%
65,565 Tychy Barwna Cmentarz
14%
D*,36*,101*,256* Tychy Towarowa Skrzyżowanie
14%
954 Wesoła Kościół
14%
72*,108*,109* Wilhelmina Skrzyżowanie
14%
21,137 Wilkowyje Murarska
14%
696 Wilkowyje Obywatelska
14%
982* Wirek Kopalnia Pokój
14%
638* Wojkowice Kościelne Kościół
14%
88 Wojkowice Łęg
14%
78* Wojska Szkoła
14%
56,627 Wola Skrzyżowanie
14%
69* Woszczyce Centrum
14%
Sz2 Wygorzele Zimowa
14%
639 Ząbkowice Osiedle Młodych Hutników
14%
105*,179* Zadzień Pętla
14%
Z-7 Załęże Kąpielisko Bugla
14%
Z-7 Załęże Pośpiecha
14%
252* Zamoście Zawiszy Czarnego
14%
937 Zarzecze Owsiana Pętla
14%
594* Zawiść Tyska
14%
70* Zawodzie Centrum Przesiadkowe Parking
14%
179*,717* Zendek Rozwidlenie
14%
179*,625* Zendek Szkoła
14%
29,655 Zgoń Szkoła
14%
203 Boguszyce
0%
742* Boruszowice Hanusek
0%
219*,788* Brzęczkowice Osiedle Powstańców
0%
292* Brzezinka Cmentarna
0%
149 Chełm Mały Pętla
0%
166 Chełm Śląski Fawent
0%
205,737 Dąbrówka Kościół
0%
920* Giszowiec Szyb Roździeński
0%
95 Goławiec Szkoła
0%
624*,638* Gołonóg Swobodna
0%
901 Grodziec Cmentarz
0%
109* Janów Zamkowa
0%
180* Kieleczka
0%
204* Kolonia Łączki
0%
149* Kosztowy Rynek
0%
954 Kosztowy Szkoła
0%
206 Kotliszowice Wieś
0%
603 Kuźniczka Nowa
0%
M12* Łaziska Średnie Zwycięstwa
0%
166*,252*,995* Lędziny Kopalnia Ziemowit
0%
292* Ligota Szpital
0%
544 Mikołów Katowicka
0%
541 Mikołów Szpital
0%
18* Mysłowice Katowicka
0%
972 Mysłowice Kopalnia
0%
219* Mysłowice Targ Miejski
0%
655 Orzesze Kościół
0%
201* Piaśniki Krasickiego
0%
203, Płużniczka Pętla
0%
670,671,736 Pniowiec Pętla
0%
646 Sadowie Daleka
0%
78*,129* Strzybnica Park Hutnika
0%
736* Strzybnica Szkoła
0%
205* Świbie Poczta
0%
109* Szopienice Bednorza
0%
640* Trzebyczka Pętla
0%
105* Twardowice Remiza
0%
44* Wesoła Piastów Śląskich
0%
954* Wesoła Szkoła
0%
204* Wilkowiczki Las
0%
137* Wilkowyje Dojazdowa
0%
266 Wioski Dunikowskiego Pętla
0%
204 Zacharzowice Kościół
0%
Z-38 Załęska Hałda Brygadzistów
0%
294* Zawiść Skrzyżowanie
0%
159 Żernica Skrzyżowanie
0%
25 Żychcice Cmentarz
0%
Nie znaleziono quizów pasujących do podanych kryteriów
Rozkład punktacji
Procent ludzi z każdym wynikiem
Percentyl według liczby udzielonych odpowiedzi
Twoja historia wyników
Nie rozwiązałeś tego quizu od ostatniego zresetowania